Rescate en el tiempo (1999-1357) / (Registro nro. 2735)
[ vista simple ]
| 000 -LEADER | |
|---|---|
| fixed length control field | 01719nam a2200205 a 4500 |
| 008 - CAMPO DE CONTROL (LIBRO) | |
| fixed length control field | 180514e2000 sp |||gr|||| 001 0 spa d |
| 020 ## - INTERNATIONAL STANDARD BOOK NUMBER | |
| ISBN | 8401013585 |
| 041 ## - CODIGO DE IDIOMA | |
| Código de idioma del texto/pista de sonido o título separado | spa |
| 092 ## - SIGNATURA TOPOGRAFICA DEWEY LOCAL | |
| número de clasificación | 808 |
| libristica | 13 |
| sección | CRI |
| 100 1# - ENTRADA PRINCIPAL--NOMBRE PERSONAL | |
| Nombre personal | Crichton, Michael |
| 9 (RLIN) | 3906 |
| 245 ## - TITULO PROPIAMENTE DICHO | |
| Título | Rescate en el tiempo (1999-1357) / |
| Mención de responsabilidad y remanente de la transcripción de la portada | Michael Crichton |
| 250 ## - MENCION DE EDICION | |
| Mención de edición | 1a ed. |
| Mención de responsabilidad relacionada con la ed. | Traducción Carlos Milla Soler |
| 260 ## - PIE DE IMPRENTA | |
| Lugar de publicación, distribución, etc | Barcelona: |
| Nombre de la editorial, distribuidor, etc | Plaza & Janes; |
| Fecha de publicación | 2000. |
| 300 ## - DESCRIPCION FISICA | |
| Extension | 573 p. |
| 500 ## - NOTA GENERAL | |
| Nota general | Crichton, M. (2000). Rescate en el tiempo (1999-1357). (1a ed.). Barcelona : Plaza & Janes. |
| 505 ## - NOTA DE CONTENIDO | |
| Nota de contenido formateada | La multinacional ITC desarrolla bajo el máximo secreto una revolucionaria y misteriosa tecnología basada en los últimos avances de la física cuántica. Sin embargo, la crítica situación financiera de ITC la obliga a obtener resultados inmediatos para atraer nuevos inversores. La opción más clara es acelerar el Proyecto Dordogne, de cara al público un proyecto arqueológico para desenterrar las ruinas de un monasterio medieval en Francia, pero en realidad un arriesgado experimento para poner a prueba una tecnología que permite viajar en el tiempo y su eventual comercialización. Pero cuando se trata de teletransportar personas de un siglo al otro, el menor fallo o descuido puede aparejar consecuencias imprevisibles y pavorosas... En la línea de Parque Jurásico y El mundo perdido pero con una temática completamente original, Michael Crichton nos ofrece una nueva supernovela de aventuras, con un sólido planteamiento científico y un trasfondo que mueve a reflexión. Sin duda todo un hito en la trayectoria de su aclamado autor. |
| 590 ## - NOTAS LOCALES (RLIN) | |
| Nota local | Donación del Dr. Gallardo Andrés, mayo 2018. |
| 655 ## - MATERIA - GENERO/FORMA | |
| Género/Forma | Literatura |
| -- | 2917 |
| 942 ## - ADDED ENTRY ELEMENTS (KOHA) | |
| Source of classification or shelving scheme | Dewey Decimal Classification |
| Item type | LITERATURA |
| Estado de retiro | Existencia | Fuente de clasificación | Estado general | No para prestamo | Ubicación permanente | ubicación actual | Sala de ubicación | Fecha de adquisición | Fuente de adquisición | Total Checkouts | Total Renewals | Número de clasificación | Código de barras | Date last seen | Date last borrowed | Número de ejemplar | Price effective from | Koha tipo de elemento (item) | Public note |
|---|---|---|---|---|---|---|---|---|---|---|---|---|---|---|---|---|---|---|---|
| Dewey Decimal Classification | Biblioteca Medicina | Biblioteca Medicina | Circulación | 15/05/2018 | Donación Dr. Gallardo, Andres. Mayo 2018 | 5 | 6 | 808 13 CRI | 4254 | 28/05/2026 | 24/04/2026 | Ej. 1 | 15/05/2018 | LITERATURA | Proyecto 4to libro. Donación Dr. Gallardo, Andres. Mayo 2018 |